[Event "Top 12 2021"]
[Site "Chalons en Champagne, France"]
[Date "2021.07.03"]
[Round "10.25"]
[White "Van Foreest, Jorden CLI"]
[Black "Anton Guijarro, David CHA"]
[Result "1-0"]
[WhiteElo "2701"]
[BlackElo "2673"]

1. e4 {[%clk 01:30:57]} {[%emt 00:00:02]} c6 {[%clk 01:30:49]} {[%emt
00:00:12]} 2. d4 {[%clk 01:31:18]} {[%emt 00:00:08]} d5 {[%clk 01:31:12]}
{[%emt 00:00:07]} 3. e5 {[%clk 01:31:42]} {[%emt 00:00:07]} Bf5 {[%clk
01:31:27]} {[%emt 00:00:15]} 4. Nd2 {[%clk 01:32:02]} {[%emt 00:00:10]} e6
{[%clk 01:31:18]} {[%emt 00:00:40]} 5. Nb3 {[%clk 01:32:24]} {[%emt 00:00:08]}
Nd7 {[%clk 01:31:11]} {[%emt 00:00:36]} 6. Nf3 {[%clk 01:32:02]} {[%emt
00:00:51]} Qc7 {[%clk 01:30:55]} {[%emt 00:00:46]} 7. Be3 {[%clk 01:27:01]}
{[%emt 00:05:32]} f6 {[%clk 01:24:13]} {[%emt 00:07:11]} 8. Bd3 {[%clk
01:15:56]} {[%emt 00:11:35]} Bg4 {[%clk 01:21:54]} {[%emt 00:02:50]} 9. h3
{[%clk 01:11:14]} {[%emt 00:05:12]} Bxf3 {[%clk 01:12:20]} {[%emt 00:10:05]} 10.
Qxf3 {[%clk 01:11:23]} {[%emt 00:00:20]} fxe5 {[%clk 01:07:03]} {[%emt
00:05:47]} 11. Qh5+ {[%clk 01:11:40]} {[%emt 00:00:13]} Ke7 {[%clk 01:04:27]}
{[%emt 00:03:07]} 12. dxe5 {[%clk 01:10:25]} {[%emt 00:01:44]} Nxe5 {[%clk
01:00:53]} {[%emt 00:04:04]} 13. O-O-O {[%clk 01:08:16]} {[%emt 00:02:39]} Nf6
{[%clk 00:58:48]} {[%emt 00:02:36]} 14. Qe2 {[%clk 00:57:50]} {[%emt 00:10:55]}
Kf7 {[%clk 00:57:28]} {[%emt 00:01:50]} 15. Bd4 {[%clk 00:57:11]} {[%emt
00:01:09]} Ned7 {[%clk 00:51:18]} {[%emt 00:06:40]} 16. c4 {[%clk 00:53:04]}
{[%emt 00:04:37]} a5 {[%clk 00:40:03]} {[%emt 00:11:46]} 17. Kb1 {[%clk
00:52:45]} {[%emt 00:00:49]} Re8 {[%clk 00:30:43]} {[%emt 00:09:51]} 18. g4
{[%clk 00:46:36]} {[%emt 00:06:38]} e5 {[%clk 00:29:35]} {[%emt 00:01:39]} 19.
Be3 {[%clk 00:45:52]} {[%emt 00:01:14]} a4 {[%clk 00:28:53]} {[%emt 00:01:13]}
20. cxd5 {[%clk 00:45:57]} {[%emt 00:00:24]} cxd5 {[%clk 00:27:12]} {[%emt
00:02:11]} 21. Rc1 {[%clk 00:46:06]} {[%emt 00:00:21]} Qd8 {[%clk 00:26:56]}
{[%emt 00:00:45]} 22. Nd2 {[%clk 00:45:22]} {[%emt 00:01:15]} g6 {[%clk
00:13:25]} {[%emt 00:14:01]} 23. g5 {[%clk 00:44:44]} {[%emt 00:01:08]} Nh5
{[%clk 00:13:20]} {[%emt 00:00:35]} 24. Qf3+ {[%clk 00:44:43]} {[%emt
00:00:31]} Kg7 {[%clk 00:12:49]} {[%emt 00:01:01]} 25. Qxd5 {[%clk 00:44:45]}
{[%emt 00:00:27]} Nc5 {[%clk 00:11:06]} {[%emt 00:02:13]} 26. Qxd8 {[%clk
00:41:53]} {[%emt 00:03:22]} Rxd8 {[%clk 00:11:33]} {[%emt 00:00:03]} 27. Bb5
{[%clk 00:42:17]} {[%emt 00:00:06]} b6 {[%clk 00:10:02]} {[%emt 00:02:02]} 28.
Nc4 {[%clk 00:42:12]} {[%emt 00:00:35]} Nf4 {[%clk 00:07:17]} {[%emt 00:03:15]}
29. Nxb6 {[%clk 00:41:33]} {[%emt 00:01:09]} Nce6 {[%clk 00:07:36]} {[%emt
00:00:11]} 30. Bxa4 {[%clk 00:39:50]} {[%emt 00:02:13]} Nxg5 {[%clk 00:06:55]}
{[%emt 00:01:11]} 31. Nc4 {[%clk 00:39:38]} {[%emt 00:00:41]} Kf6 {[%clk
00:01:47]} {[%emt 00:05:38]} 32. Bb6 {[%clk 00:38:39]} {[%emt 00:01:29]} Rd3
{[%clk 00:01:32]} {[%emt 00:00:45]} 33. h4 {[%clk 00:30:55]} {[%emt 00:08:14]}
Nge6 {[%clk 00:01:37]} {[%emt 00:00:25]} 34. Rhe1 {[%clk 00:30:35]} {[%emt
00:00:49]} Bc5 {[%clk 00:00:36]} {[%emt 00:01:31]} 35. Bxc5 {[%clk 00:27:26]}
{[%emt 00:03:40]} Nxc5 {[%clk 00:01:03]} {[%emt 00:00:04]} 36. Nxe5 {[%clk
00:27:09]} {[%emt 00:00:46]} Nxa4 {[%clk 00:01:02]} {[%emt 00:00:31]} 37. Rc4
{[%clk 00:27:27]} {[%emt 00:00:11]} Kf5 {[%clk 00:00:47]} {[%emt 00:00:46]} 38.
Rxa4 {[%clk 00:22:24]} {[%emt 00:05:33]} Rd2 {[%clk 00:00:49]} {[%emt
00:00:28]} 39. Ra5 {[%clk 00:21:55]} {[%emt 00:00:58]} Rd5 {[%clk 00:00:33]}
{[%emt 00:00:46]} 40. Rxd5 {[%clk 00:51:57]} {[%emt 00:00:28]} Nxd5 {[%clk
00:30:57]} {[%emt 00:00:05]} 41. Nf7 {[%clk 00:51:49]} {[%emt 00:00:38]} Rf8
{[%clk 00:29:15]} {[%emt 00:02:12]} 42. Re5+ {[%clk 00:52:15]} {[%emt
00:00:04]} Kf4 {[%clk 00:29:04]} {[%emt 00:00:41]} 43. Rxd5 {[%clk 00:52:37]}
{[%emt 00:00:08]} Rxf7 {[%clk 00:29:30]} {[%emt 00:00:03]} 44. a4 {[%clk
00:52:28]} {[%emt 00:00:40]} Ke4 {[%clk 00:28:54]} {[%emt 00:01:06]} 45. Rd2
{[%clk 00:51:13]} {[%emt 00:01:45]} h5 {[%clk 00:24:13]} {[%emt 00:05:11]} 46.
a5 {[%clk 00:47:53]} {[%emt 00:03:51]} g5 {[%clk 00:24:23]} {[%emt 00:00:20]}
47. hxg5 {[%clk 00:48:17]} {[%emt 00:00:05]} h4 {[%clk 00:24:50]} {[%emt
00:00:03]} 48. Rd6 {[%clk 00:47:36]} {[%emt 00:01:11]} 1-0

[Event "Top 12 2021"]
[Site "Chalons en Champagne, France"]
[Date "2021.07.03"]
[Round "10.26"]
[White "Topalov, Veselin CHA"]
[Black "Vocaturo, Daniele CLI"]
[Result "0-1"]
[WhiteElo "2735"]
[BlackElo "2617"]

1. d4 {[%clk 01:30:56]} {[%emt 00:00:02]} Nf6 {[%clk 01:30:41]} {[%emt
00:00:19]} 2. c4 {[%clk 01:31:18]} {[%emt 00:00:08]} e6 {[%clk 01:30:19]}
{[%emt 00:00:53]} 3. Nf3 {[%clk 01:31:36]} {[%emt 00:00:12]} d5 {[%clk
01:29:45]} {[%emt 00:01:04]} 4. Nc3 {[%clk 01:31:58]} {[%emt 00:00:08]} dxc4
{[%clk 01:28:43]} {[%emt 00:01:32]} 5. e3 {[%clk 01:31:29]} {[%emt 00:00:59]}
a6 {[%clk 01:27:25]} {[%emt 00:01:48]} 6. Bxc4 {[%clk 01:30:05]} {[%emt
00:01:54]} b5 {[%clk 01:27:35]} {[%emt 00:00:20]} 7. Bd3 {[%clk 01:28:15]}
{[%emt 00:02:20]} Bb7 {[%clk 01:25:11]} {[%emt 00:02:54]} 8. Qe2 {[%clk
01:28:29]} {[%emt 00:00:15]} c5 {[%clk 01:17:45]} {[%emt 00:07:56]} 9. dxc5
{[%clk 01:27:49]} {[%emt 00:01:11]} b4 {[%clk 01:17:48]} {[%emt 00:00:26]} 10.
Na4 {[%clk 01:25:09]} {[%emt 00:03:09]} Nbd7 {[%clk 01:17:53]} {[%emt
00:00:25]} 11. e4 {[%clk 01:20:46]} {[%emt 00:04:54]} Bc6 {[%clk 01:04:43]}
{[%emt 00:13:40]} 12. b3 {[%clk 01:20:42]} {[%emt 00:00:34]} Bxa4 {[%clk
01:04:55]} {[%emt 00:00:18]} 13. bxa4 {[%clk 01:21:06]} {[%emt 00:00:06]} Nxc5
{[%clk 01:05:16]} {[%emt 00:00:09]} 14. Bc2 {[%clk 01:21:07]} {[%emt 00:00:29]}
Be7 {[%clk 01:02:09]} {[%emt 00:03:38]} 15. O-O {[%clk 01:20:31]} {[%emt
00:01:06]} Qa5 {[%clk 00:57:53]} {[%emt 00:04:45]} 16. Qc4 {[%clk 01:11:59]}
{[%emt 00:09:02]} O-O {[%clk 00:55:49]} {[%emt 00:02:35]} 17. e5 {[%clk
01:11:49]} {[%emt 00:00:40]} Nd5 {[%clk 00:54:39]} {[%emt 00:01:40]} 18. Qg4
{[%clk 01:11:26]} {[%emt 00:00:54]} f5 {[%clk 00:43:30]} {[%emt 00:11:39]} 19.
exf6 {[%clk 01:09:34]} {[%emt 00:02:22]} Bxf6 {[%clk 00:43:48]} {[%emt
00:00:12]} 20. Rb1 {[%clk 01:06:03]} {[%emt 00:04:00]} Rae8 {[%clk 00:41:27]}
{[%emt 00:02:52]} 21. Ng5 {[%clk 00:53:58]} {[%emt 00:12:34]} Bxg5 {[%clk
00:35:54]} {[%emt 00:06:03]} 22. Bxg5 {[%clk 00:54:19]} {[%emt 00:00:09]} Qc7
{[%clk 00:36:01]} {[%emt 00:00:23]} 23. Rbd1 {[%clk 00:45:42]} {[%emt
00:09:06]} a5 {[%clk 00:32:55]} {[%emt 00:03:37]} 24. Rd4 {[%clk 00:44:47]}
{[%emt 00:01:24]} Qe5 {[%clk 00:25:52]} {[%emt 00:07:33]} 25. Qh4 {[%clk
00:43:22]} {[%emt 00:01:54]} g6 {[%clk 00:25:46]} {[%emt 00:00:37]} 26. Bh6
{[%clk 00:40:12]} {[%emt 00:03:40]} Rf7 {[%clk 00:20:26]} {[%emt 00:05:51]} 27.
Rg4 {[%clk 00:36:04]} {[%emt 00:04:38]} Ne7 {[%clk 00:19:53]} {[%emt 00:01:03]}
28. Rd4 {[%clk 00:31:42]} {[%emt 00:04:52]} Nf5 {[%clk 00:15:50]} {[%emt
00:04:34]} 29. Rd8 {[%clk 00:23:55]} {[%emt 00:08:16]} Rff8 {[%clk 00:14:42]}
{[%emt 00:01:38]} 30. Rxe8 {[%clk 00:24:16]} {[%emt 00:00:09]} Rxe8 {[%clk
00:15:08]} {[%emt 00:00:04]} 31. Bxf5 {[%clk 00:24:30]} {[%emt 00:00:15]} exf5
{[%clk 00:14:12]} {[%emt 00:01:27]} 32. Qc4+ {[%clk 00:24:51]} {[%emt
00:00:10]} Ne6 {[%clk 00:14:33]} {[%emt 00:00:08]} 33. Rd1 {[%clk 00:21:12]}
{[%emt 00:04:08]} Kf7 {[%clk 00:10:37]} {[%emt 00:04:27]} 34. Bg5 {[%clk
00:16:03]} {[%emt 00:05:38]} f4 {[%clk 00:07:02]} {[%emt 00:04:07]} 35. h4
{[%clk 00:14:16]} {[%emt 00:02:17]} Kf8 {[%clk 00:06:17]} {[%emt 00:01:14]} 36.
Bh6+ {[%clk 00:12:32]} {[%emt 00:02:13]} Kf7 {[%clk 00:06:37]} {[%emt
00:00:11]} 37. Rd7+ {[%clk 00:04:27]} {[%emt 00:08:35]} Re7 {[%clk 00:06:52]}
{[%emt 00:00:16]} 38. Rd5 {[%clk 00:04:12]} {[%emt 00:00:44]} Qe1+ {[%clk
00:05:28]} {[%emt 00:01:55]} 39. Qf1 {[%clk 00:04:34]} {[%emt 00:00:07]} Qe4
{[%clk 00:04:24]} {[%emt 00:01:35]} 40. Qd1 {[%clk 00:33:55]} {[%emt 00:01:09]}
Rc7 {[%clk 00:32:30]} {[%emt 00:02:24]} 41. Rd2 {[%clk 00:21:52]} {[%emt
00:12:33]} Qe5 {[%clk 00:30:29]} {[%emt 00:02:32]} 42. Rd3 {[%clk 00:16:12]}
{[%emt 00:06:10]} Qe4 {[%clk 00:23:15]} {[%emt 00:07:45]} 43. g3 {[%clk
00:14:55]} {[%emt 00:01:46]} fxg3 {[%clk 00:20:59]} {[%emt 00:02:46]} 44. Rxg3
{[%clk 00:09:35]} {[%emt 00:05:51]} Nd4 {[%clk 00:19:10]} {[%emt 00:02:19]} 45.
Be3 {[%clk 00:07:13]} {[%emt 00:02:51]} Ne2+ {[%clk 00:17:38]} {[%emt
00:02:02]} 46. Kh2 {[%clk 00:06:04]} {[%emt 00:01:39]} Nxg3 {[%clk 00:18:02]}
{[%emt 00:00:06]} 47. Kxg3 {[%clk 00:06:31]} {[%emt 00:00:04]} Qf5 {[%clk
00:14:46]} {[%emt 00:03:44]} 48. Qd6 {[%clk 00:06:27]} {[%emt 00:00:34]} Rd7
{[%clk 00:14:44]} {[%emt 00:00:33]} 49. Qb6 {[%clk 00:06:17]} {[%emt 00:00:40]}
h5 {[%clk 00:14:04]} {[%emt 00:01:10]} 50. f3 {[%clk 00:04:40]} {[%emt
00:02:07]} Qe6 {[%clk 00:13:23]} {[%emt 00:01:10]} 51. Qxe6+ {[%clk 00:04:38]}
{[%emt 00:00:32]} Kxe6 {[%clk 00:13:50]} {[%emt 00:00:03]} 52. Bb6 {[%clk
00:05:02]} {[%emt 00:00:06]} Rd5 {[%clk 00:13:59]} {[%emt 00:00:21]} 53. Kf4
{[%clk 00:05:26]} {[%emt 00:00:06]} Rd2 {[%clk 00:14:13]} {[%emt 00:00:16]} 0-1

[Event "Top 12 2021"]
[Site "Chalons en Champagne, France"]
[Date "2021.07.03"]
[Round "10.27"]
[White "Van Wely, Loek CLI"]
[Black "Edouard, Romain CHA"]
[Result "1/2-1/2"]
[WhiteElo "2620"]
[BlackElo "2598"]

1. Nf3 {[%clk 01:30:55]} {[%emt 00:00:03]} d5 {[%clk 01:30:56]} {[%emt
00:00:05]} 2. g3 {[%clk 01:28:31]} {[%emt 00:02:54]} g6 {[%clk 01:31:20]}
{[%emt 00:00:06]} 3. Bg2 {[%clk 01:27:51]} {[%emt 00:01:10]} Bg7 {[%clk
01:31:44]} {[%emt 00:00:06]} 4. d4 {[%clk 01:28:12]} {[%emt 00:00:09]} Nf6
{[%clk 01:32:05]} {[%emt 00:00:09]} 5. c4 {[%clk 01:28:27]} {[%emt 00:00:15]}
dxc4 {[%clk 01:32:26]} {[%emt 00:00:09]} 6. Na3 {[%clk 01:28:37]} {[%emt
00:00:20]} O-O {[%clk 01:32:36]} {[%emt 00:00:20]} 7. O-O {[%clk 01:28:46]}
{[%emt 00:00:21]} Na6 {[%clk 01:32:56]} {[%emt 00:00:10]} 8. Nxc4 {[%clk
01:28:40]} {[%emt 00:00:36]} c5 {[%clk 01:33:22]} {[%emt 00:00:04]} 9. b3
{[%clk 01:28:32]} {[%emt 00:00:38]} Bf5 {[%clk 01:33:44]} {[%emt 00:00:07]} 10.
Bb2 {[%clk 01:28:45]} {[%emt 00:00:18]} Be4 {[%clk 01:34:07]} {[%emt 00:00:07]}
11. Rc1 {[%clk 01:27:59]} {[%emt 00:01:15]} b6 {[%clk 01:34:03]} {[%emt
00:00:35]} 12. Re1 {[%clk 01:27:07]} {[%emt 00:01:22]} Bb7 {[%clk 01:24:31]}
{[%emt 00:10:02]} 13. e3 {[%clk 01:21:12]} {[%emt 00:06:24]} Rc8 {[%clk
01:15:53]} {[%emt 00:09:08]} 14. Qe2 {[%clk 01:20:04]} {[%emt 00:01:39]} cxd4
{[%clk 01:15:50]} {[%emt 00:00:33]} 15. Bxd4 {[%clk 01:10:47]} {[%emt
00:09:46]} Nc5 {[%clk 01:15:55]} {[%emt 00:00:24]} 16. Red1 {[%clk 01:05:50]}
{[%emt 00:05:28]} Qe8 {[%clk 01:16:05]} {[%emt 00:00:20]} 17. Qb2 {[%clk
01:02:50]} {[%emt 00:03:31]} Rc7 {[%clk 01:12:12]} {[%emt 00:04:22]} 18. b4
{[%clk 00:48:27]} {[%emt 00:14:53]} Ne6 {[%clk 01:08:10]} {[%emt 00:04:32]} 19.
Nd6 {[%clk 00:42:47]} {[%emt 00:06:11]} exd6 {[%clk 01:05:10]} {[%emt
00:03:29]} 20. Bxf6 {[%clk 00:23:18]} {[%emt 00:20:00]} Bxf6 {[%clk 01:05:16]}
{[%emt 00:00:24]} 21. Qxf6 {[%clk 00:23:43]} {[%emt 00:00:04]} Qa4 {[%clk
01:05:39]} {[%emt 00:00:07]} 22. h4 {[%clk 00:21:25]} {[%emt 00:02:48]} Rxc1
{[%clk 00:58:47]} {[%emt 00:07:22]} 23. Rxc1 {[%clk 00:21:41]} {[%emt
00:00:14]} Qxb4 {[%clk 00:59:13]} {[%emt 00:00:04]} 24. h5 {[%clk 00:17:23]}
{[%emt 00:04:47]} Qa5 {[%clk 00:57:57]} {[%emt 00:01:45]} 25. h6 {[%clk
00:08:27]} {[%emt 00:09:27]} Bxf3 {[%clk 00:55:07]} {[%emt 00:03:20]} 26. Bxf3
{[%clk 00:08:47]} {[%emt 00:00:10]} Qe5 {[%clk 00:55:01]} {[%emt 00:00:35]} 27.
Qxe5 {[%clk 00:06:56]} {[%emt 00:02:22]} dxe5 {[%clk 00:55:27]} {[%emt
00:00:04]} 28. Rc6 {[%clk 00:07:16]} {[%emt 00:00:10]} Re8 {[%clk 00:39:34]}
{[%emt 00:16:23]} 29. Bd5 {[%clk 00:07:06]} {[%emt 00:00:41]} Kf8 {[%clk
00:40:03]} {[%emt 00:00:02]} 30. Kg2 {[%clk 00:04:47]} {[%emt 00:02:49]} Re7
{[%clk 00:40:22]} {[%emt 00:00:10]} 31. Rc8+ {[%clk 00:04:59]} {[%emt
00:00:18]} Re8 {[%clk 00:40:43]} {[%emt 00:00:09]} 32. Rc6 {[%clk 00:05:21]}
{[%emt 00:00:07]} Re7 {[%clk 00:41:08]} {[%emt 00:00:05]} 33. Rc8+ {[%clk
00:05:31]} {[%emt 00:00:21]} Re8 {[%clk 00:41:30]} {[%emt 00:00:08]} 1/2-1/2